000
00327nam a22001457a 4500
008
210428b ||||| |||| 00| 0 eng d
020
_a
9781890504014
041
_a
eng
080
_a
82
082
_a
82
100
_a
21
101
_a
GJL
245
_a
Silver Linings The Other Side of Cancer
_c
Gullo,S.M
942
_2
udc
_c
BK
999
_c
56914
_d
56914